
Library Catalogue

| 000 -LEADER | |
|---|---|
| fixed length control field | 01529nam a2200229Ia 4500 |
| 003 - CONTROL NUMBER IDENTIFIER | |
| control field | OSt |
| 005 - DATE AND TIME OF LATEST TRANSACTION | |
| control field | 20210818152956.0 |
| 008 - FIXED-LENGTH DATA ELEMENTS--GENERAL INFORMATION | |
| fixed length control field | 160316s2005 xxu||||| |||| 00| 0 eng d |
| 020 ## - INTERNATIONAL STANDARD BOOK NUMBER | |
| International Standard Book Number | 9780521520843 |
| 020 ## - INTERNATIONAL STANDARD BOOK NUMBER | |
| International Standard Book Number | 0521520843 |
| 040 ## - CATALOGING SOURCE | |
| Transcribing agency | nls |
| 082 ## - DEWEY DECIMAL CLASSIFICATION NUMBER | |
| Classification number | 338.900000 |
| Item number | SZI |
| 100 ## - MAIN ENTRY--PERSONAL NAME | |
| Personal name | Szirmai Adam |
| 245 ## - TITLE STATEMENT | |
| Title | The dynamics of socio-economic development : An introduction |
| 260 ## - PUBLICATION, DISTRIBUTION, ETC. | |
| Place of publication, distribution, etc. | Cambridge |
| Name of publisher, distributor, etc. | Cambridge University Press |
| Date of publication, distribution, etc. | 2005 |
| 300 ## - PHYSICAL DESCRIPTION | |
| Extent | 711p |
| Dimensions | xxxii |
| 365 ## - TRADE PRICE | |
| Price amount | Rs.1,785 |
| 505 ## - FORMATTED CONTENTS NOTE | |
| Formatted contents note | ontents<br/>List of figures;<br/>List of tables;<br/>List of boxes;<br/>Preface;<br/>List of abbreviations;<br/>Acknowledgements<br/>Chapter 1 - Developing countries and the concept of development<br/>Chapter 2 - Development of the international economic order, 1450–2000<br/>Chapter 3 - Growth and stagnation: theories and experiences<br/>Chapter 4 - Technology and development<br/>Chapter 5 - Population and development<br/>Chapter 6 - Health, health care and development<br/>Chapter 7 - Education and development<br/>Chapter 8 - Economic development, structural transformation and primary exports<br/>Chapter 9 - Industrial development<br/>Chapter 10 - Agricultural development and rural development<br/>Chapter 11 - State formation and political aspects of development<br/>Chapter 12 - Cultural dimensions of development<br/>Chapter 13 - The international economic and political order since 1945<br/>Chapter 14 - Foreign aid and development<br/>Bibliography<br/>Author index<br/>Subject index |
| 650 ## - SUBJECT ADDED ENTRY--TOPICAL TERM | |
| Topical term or geographic name entry element | 1. Economic Development2. Social Change |
| 700 ## - ADDED ENTRY--PERSONAL NAME | |
| Personal name | |
| -- | |
| 942 ## - ADDED ENTRY ELEMENTS (KOHA) | |
| Source of classification or shelving scheme | Dewey Decimal Classification |
| Koha item type | BOOKs |
| Withdrawn status | Lost status | Damaged status | Not for loan | Home library | Current library | Shelving location | Date acquired | Cost, normal purchase price | Total Checkouts | Full call number | Barcode | Date last seen | Price effective from | Koha item type |
|---|---|---|---|---|---|---|---|---|---|---|---|---|---|---|
| . | . | NAB Compactor | 30.05.2017 | 1785.00 | 338.9 SZI | 20736 | 30.05.2017 | 30.05.2017 | BOOKs |